[Event "AUTO-BEG-443"]
[Site "http://www.queenalice.com/game.php?id=867006"]
[Date "2010.12.3"]
[Round "1"]
[White "cristianoreboucas"]
[Black "kinggeorge"]
[Result "1-0"]
[WhiteElo "1492"]
[BlackElo "1292"]

1. d4 e5 2. c3 e4 3. e3 Nf6 4. Be2 d5 5. b4 b5 6. Bxb5+ c6 7. Be2 c5 8. bxc5 a5
9. c4 Nc6 10. Nc3 Ne7 11. Rb1 Ba6 12. cxd5 Nexd5 13. Nxd5 Qxd5 14. Bxa6 Rxa6 15.
Qa4+ Nd7 16. Ne2 Be7 17. Nc3 Qa8 18. O-O Kf8 19. Qxd7 f6 20. Nd5 Qd8 21. Qxd8+
Bxd8 22. Rb8 g5 23. g3 Kf7 24. Ba3 Re8 25. Rfb1 Ke6 26. Nc3 Ra7 27. Nxe4 f5 28.
Nd2 Kd7 29. Nc4 f4 30. Ne5+ Ke7 31. Nc6+ Ke6 32. Nxa7 fxg3 33. hxg3 Kd7 34. d5
Re5 35. c6+ Ke8 36. d6 h5 37. c7 Kd7 38. cxd8=Q+ Ke6 39. Bc1 Kf5 40. f3 g4 41.
e4+ Ke6 42. Qe7# 1-0

[Event "AUTO-BEG-443"]
[Site "http://www.queenalice.com/game.php?id=867007"]
[Date "2010.12.3"]
[Round "1"]
[White "kinggeorge"]
[Black "cristianoreboucas"]
[Result "0-1"]
[WhiteElo "1304"]
[BlackElo "1435"]

1. e4 e5 2. Nc3 g5 3. Nf3 d6 4. a4 a6 5. d4 f6 6. Nd5 c6 7. dxe5 cxd5 8. Qxd5
Ne7 9. exf6 Nxd5 10. Nxg5 Nxf6 11. Ra3 h6 12. Nf3 Nxe4 13. Re3 Qe7 14. Bd3 Qg7
15. Rxe4+ Kd8 16. Nh4 Nc6 17. Nf5 Bxf5 18. Re3 Qxg2 19. Bxf5 Qxh1+ 20. Kd2 Qd5+
21. Bd3 Qg2 22. Kc3 Bg7+ 23. Kb3 Bd4 24. Re2 Qd5+ 25. Bc4 Na5+ 26. Kb4 Qc5# 0-1

[Event "Challenge"]
[Site "http://www.queenalice.com/game.php?id=975953"]
[Date "2011.8.23"]
[Round "-"]
[White "cristianoreboucas"]
[Black "castropereira"]
[Result "1-0"]
[WhiteElo "1523"]
[BlackElo "1283"]

1. e4 e5 2. g3 Nc6 3. c3 Nf6 4. Qf3 d5 5. exd5 Ne7 6. c4 a6 7. Nc3 e4 8. Nxe4
Nxe4 9. Qxe4 c6 10. dxc6 bxc6 11. d3 Bf5 12. Qf3 h6 13. Bg2 h5 14. h4 c5 15.
Qxa8 Qxa8 16. Bxa8 Bxd3 17. b3 g6 18. Bd2 f6 19. Rd1 Bc2 20. Rc1 Be4 21. Bxe4 f5
22. Bb7 Rh7 23. Kf1 Rf7 24. Re1 Rg7 25. Bc8 Kd8 26. Bxa6 g5 27. Bb5 Rg6 28. Bxg5
Rxg5 29. hxg5 Bg7 30. Rxh5 Bc3 31. Rh8+ 1-0

[Event "Challenge"]
[Site "http://www.queenalice.com/game.php?id=976274"]
[Date "2011.8.24"]
[Round "-"]
[White "cristianoreboucas"]
[Black "Constante"]
[Result "1-0"]
[WhiteElo "1431"]
[BlackElo "2119"]

1. e4 c5 2. c3 Nc6 3. d3 e5 4. Be3 d6 5. g3 Nf6 6. h3 Be7 7. Nd2 a6 8. Bg2 h6 9.
Ngf3 Be6 10. c4 Qd7 11. b3 O-O 12. a4 Nb4 13. Bf1 Nh7 14. g4 Ng5 15. Nb1 Nxf3+
16. Qxf3 Nc2+ 17. Kd2 Nxa1 18. Qd1 b5 19. Nc3 bxa4 20. bxa4 Rab8 21. Qxa1 Rb7
22. Be2 Rfb8 23. Rb1 Qd8 24. Ke1 Bg5 25. Rxb7 Rxb7 26. Bxg5 hxg5 27. Bd1 Qa5 28.
Qa3 Bd7 29. Kf1 Rb4 30. Nd5 Bxa4 31. Nxb4 Qxb4 32. Qxa4 Qb1 33. Ke2 Qb7 34. Qa5
Qc8 35. Qb6 Qd8 36. Qxd8+ 1-0

[Event "Challenge"]
[Site "http://www.queenalice.com/game.php?id=978199"]
[Date "2011.8.28"]
[Round "-"]
[White "marta3r"]
[Black "cristianoreboucas"]
[Result "0-1"]
[WhiteElo "1676"]
[BlackElo "1529"]

1. e4 e5 2. Nf3 f6 3. Nc3 d6 4. Bc4 Qe7 5. O-O Nh6 6. d3 c6 7. Bxh6 gxh6 8. Nh4
b5 9. Bb3 Kd8 10. Nf3 Qg7 11. Ne2 Be7 12. c3 Bh3 13. Ng3 Bd7 14. d4 a5 15. dxe5
dxe5 16. Nf5 Qg4 17. Nxe7 Kxe7 18. Qd3 c5 19. Rad1 Ra6 20. Bc2 h5 21. Qd5 Rc6
22. c4 Be6 23. Qd2 Bxc4 24. h3 Qf4 25. Qxf4 exf4 26. Rfe1 Bxa2 27. b3 Na6 0-1

[Event "Challenge"]
[Site "http://www.queenalice.com/game.php?id=978699"]
[Date "2011.8.30"]
[Round "-"]
[White "cristianodiogenes"]
[Black "cristianoreboucas"]
[Result "0-1"]
[WhiteElo "1159"]
[BlackElo "1521"]

1. d4 d5 2. f3 e6 3. Nh3 h6 4. e4 dxe4 5. fxe4 c6 6. c3 Qh4+ 7. g3 Qxe4+ 8. Be3
Qxh1 9. Qe2 Qe4 10. Qd3 Qxd3 11. Bxd3 Nf6 12. Nf4 Ng4 13. Bg1 g5 14. Nh5 Be7 15.
Nd2 b5 16. O-O-O e5 17. dxe5 Nxe5 0-1

[Event "AUTO-OPEN-2461"]
[Site "http://www.queenalice.com/game.php?id=978718"]
[Date "2011.8.30"]
[Round "1"]
[White "Blackangel"]
[Black "cristianoreboucas"]
[Result "1-0"]
[WhiteElo "1958"]
[BlackElo "1551"]

1. e4 e5 2. Nf3 d6 3. Nc3 c6 4. d4 Qe7 5. dxe5 dxe5 6. Bc4 Nd7 7. Ng5 Nh6 8. Qf3
f6 9. Ne6 Nc5 10. Nxc5 Qxc5 11. Bb3 b5 12. Bxh6 gxh6 13. Qxf6 Qe7 14. Qxc6+ Qd7
15. Qxa8 Bc5 16. Nd5 Qb7 17. Qxb7 Bxb7 18. Nc7+ Ke7 19. f3 Rd8 20. Nxb5 a6 21.
Nc3 Kf8 22. Bd5 Bc8 23. O-O-O a5 24. Bb3 Bd7 25. Rd5 Bd4 26. Rd1 Ke7 27. Ne2
Be3+ 28. Kb1 a4 29. Bxa4 Bxa4 30. Rxd8 Kf6 31. Nc3 Bb6 32. R8d6+ Kg5 33. Rxb6
1-0

[Event "AUTO-OPEN-2461"]
[Site "http://www.queenalice.com/game.php?id=978719"]
[Date "2011.8.30"]
[Round "1"]
[White "cristianoreboucas"]
[Black "Blackangel"]
[Result "0-1"]
[WhiteElo "1549"]
[BlackElo "1943"]

1. e4 e5 2. c3 Nf6 3. d3 Bc5 4. b4 Bb6 5. Be2 d5 6. Nf3 dxe4 7. Nxe5 exd3 8.
Qxd3 Nbd7 9. Nc4 Qe7 10. O-O O-O 11. a4 a6 12. Nxb6 Nxb6 13. a5 Nbd5 14. Re1 Re8
15. Bd2 Be6 16. Qg3 Bg4 17. f3 Be6 18. Na3 Rad8 19. Rac1 Nxb4 20. Bh6 Nh5 21.
Qg5 Qxg5 22. Bxg5 Nd3 23. Rcd1 f6 24. Rxd3 fxg5 25. g3 Nf6 26. Nc2 Rd5 27. Rxd5
Bxd5 28. Nd4 c5 29. Nf5 Bxf3 30. Nd6 Rxe2 31. Rxe2 Bxe2 32. Nxb7 Ne4 33. Kg2 Bb5
34. Kf3 Bc6 35. Nd8 Ba8 36. Ne6 Nxc3+ 0-1

[Event "AUTO-OPEN-2461"]
[Site "http://www.queenalice.com/game.php?id=978746"]
[Date "2011.8.30"]
[Round "1"]
[White "robertolm"]
[Black "cristianoreboucas"]
[Result "1/2-1/2"]
[WhiteElo "1741"]
[BlackElo "1512"]

1. e4 e5 2. Nf3 f6 3. Nxe5 g6 4. Nd3 Qe7 5. Qf3 d6 6. Be2 Bd7 7. Nb4 c6 8. Nc3
a5 9. Nd3 Nh6 10. b3 Bg7 11. Nf4 Rf8 12. Bb2 f5 13. exf5 Nxf5 14. O-O-O Nd4 15.
Qe3 Qxe3 16. dxe3 Nxe2+ 17. Ncxe2 Bxb2+ 18. Kxb2 d5 19. f3 Na6 20. a3 Nc5 21.
Nd4 b5 22. b4 axb4 23. axb4 Nb7 24. Ra1 Ke7 25. Rxa8 Rxa8 26. Ra1 Rxa1 27. Kxa1
Nd6 28. Nb3 Bf5 29. Kb1 Nc4 30. Nd4 Nxe3 31. Nxc6+ Kd6 32. Nd4 Bd7 33. g4 Ke5
34. Nde2 d4 35. Nd3+ Kf6 36. Nxd4 Kg5 37. Nc5 Be8 38. Ne4+ Kf4 39. Kc1 Nd5 40.
c3 g5 41. Kd2 h6 42. Nd6 Nf6 43. Nxe8 Nxe8 44. Ke2 Nd6 45. Ne6+ Ke5 46. Nc5 Kd5
47. Kd3 Nc4 48. Ne4 Ne5+ 49. Ke3 Ng6 50. Nf6+ Kc4 51. Kd2 Ne5 52. Ng8 Nxf3+ 53.
Kc2 Nxh2 54. Nxh6 Nf3 55. Nf7 Ne5 56. Nxg5 Nxg4 57. Ne4 Kd5 58. Nc5 Kc4 59. Kd2
Nf2 60. Kc2 Ng4 61. Kd2 Ne5 62. Kc2 Nc6 63. Na6 Ne7 64. Nc5 Nd5 65. Ne4 Nxb4+
66. cxb4 Kxb4 67. Nc3 Kc4 68. Nxb5 Kxb5 69. Kd3 Kb4 70. Kd4 Kb5 71. Kd5 1/2-1/2

[Event "AUTO-OPEN-2461"]
[Site "http://www.queenalice.com/game.php?id=978747"]
[Date "2011.8.30"]
[Round "1"]
[White "cristianoreboucas"]
[Black "robertolm"]
[Result "1-0"]
[WhiteElo "1457"]
[BlackElo "1740"]

1. g4 e5 2. e4 d5 3. d3 dxe4 4. dxe4 Qxd1+ 5. Kxd1 Bxg4+ 6. f3 Be6 7. Be3 Bb4 8.
c3 Ba5 9. Na3 a6 10. Nc4 Bxc4 11. Bxc4 Nc6 12. Kc2 h6 13. Rd1 Nf6 14. a4 O-O 15.
Bc1 Bb6 16. b4 Bxg1 17. Rhxg1 Ne7 18. Bb2 Ng6 19. Be2 Nf4 20. Bf1 Rad8 21. Rxd8
Rxd8 22. a5 Nh7 23. c4 f6 24. c5 Ng5 25. Rg3 c6 26. h4 Nh5 27. Rg1 Nxf3 28. Rh1
Rd2+ 29. Kc1 Nf4 30. Bc4+ Kh7 31. Rd1 Rxd1+ 32. Kxd1 Nxh4 33. Ke1 Nhg2+ 34. Kf2
h5 35. Bc1 g5 36. Bf1 Nh4 37. Kg3 Kg6 38. Be3 Ne6 39. Bh3 Nd4 40. Bc8 Nc2 41.
Bd2 f5 42. exf5+ Nxf5+ 43. Kf2 e4 44. Bc3 e3+ 45. Ke2 Ng3+ 46. Kd3 Na3 47. Kxe3
Nf5+ 48. Kd3 Ne7 49. Bxb7 g4 50. Bxa6 g3 51. Ke2 h4 52. Kf3 Nb1 53. Bd3+ Kg5 54.
Bxb1 Nd5 55. Bd2+ Kh5 56. a6 Nc7 57. a7 h3 58. Kxg3 Na8 59. Be4 Nc7 60. Bf4 Na8
61. Bxc6 h2 62. Bxa8 h1=R 63. Bxh1 Kg6 64. a8=Q Kh5 65. Qe8# 1-0

[Event "AUTO-OPEN-2461"]
[Site "http://www.queenalice.com/game.php?id=978766"]
[Date "2011.8.30"]
[Round "1"]
[White "cristianoreboucas"]
[Black "REDWOLF"]
[Result "1-0"]
[WhiteElo "1484"]
[BlackElo "1629"]

1. c4 f5 2. e3 Nf6 3. f3 e6 4. a3 Be7 5. Nh3 O-O 6. f4 Nc6 7. d3 d5 8. cxd5 Qxd5
9. Nc3 Qa5 10. Bd2 Qb6 11. Rb1 e5 12. b4 exf4 13. Nxf4 Ne5 14. d4 Nc4 15. Bxc4+
Kh8 16. Qf3 g5 17. Nfd5 Qc6 18. Nxe7 Qxc4 19. Nxc8 Raxc8 20. Qxf5 h6 21. g4 Rcd8
22. h4 Nd5 23. Qe5+ Kg8 24. Nxd5 Rxd5 25. Qe6+ Kg7 26. Rc1 Qb5 27. Rxc7+ 1-0

[Event "AUTO-OPEN-2461"]
[Site "http://www.queenalice.com/game.php?id=978767"]
[Date "2011.8.30"]
[Round "1"]
[White "REDWOLF"]
[Black "cristianoreboucas"]
[Result "1-0"]
[WhiteElo "1761"]
[BlackElo "1431"]

1. e4 e5 2. Nf3 d6 3. Bc4 f6 4. O-O Nh6 5. d4 Bd7 6. Bxh6 gxh6 7. dxe5 fxe5 8.
Nxe5 dxe5 9. Qh5+ Ke7 10. Qxe5+ Be6 11. Qxe6# 1-0